[Event "Liptovsky Jan Slovak op U2200"]
[Site "Liptovsky Jan"]
[Date "2021.06.19"]
[Round "5"]
[White "Sokolovsky, Jakub"]
[Black "Hoferek, Svatopluk"]
[Result "1/2-1/2"]
[WhiteElo "1000"]
[BlackElo "1735"]
[PlyCount "96"]
[EventDate "2021.06.17"]
[EventType "swiss"]
[EventRounds "7"]
[EventCountry "SVK"]
[SourceTitle "CBM 203 Extra"]
[Source "ChessBase"]
[SourceDate "2021.09.30"]
[SourceVersion "1"]
[SourceVersionDate "2021.09.30"]
[SourceQuality "1"]

1. e4 e5 2. Nf3 Nc6 3. Bc4 Bc5 4. c3 Nf6 5. d3 a5 6. 0-0 h6 7. Be3 Bxe3 8. fxe3 0-0 9. Nbd2 d6 10. Qe1 Be6 11. Bb5 Na7 12. Ba4 b5 13. Bc2 c5 14. d4 Qc7 15. d5 Bd7 16. Qg3 Qd8 17. a4 Nh5 18. Qe1 Nc8 19. Nh4 Kh7 20. Bd1 Nf6 21. axb5 Bxb5 22. c4 Bd7 23. Nf5 g6 24. Nh4 Kg7 25. Qg3 Kh7 26. Rf2 Nb6 27. Be2 Na4 28. Raf1 Kg7 29. Rxf6 Qxf6 30. Rxf6 Kxf6 31. b3 Nb6 32. Nhf3 a4 33. Qh4+ Kg7 34. Qe7 a3 35. Ne1 a2 36. Nc2 a1Q+ 37. Nxa1 Rxa1+ 38. Kf2 Ra2 39. Qxd6 Rxd2 40. Qxb6 Bg4 41. Qxc5 Rxe2+ 42. Kg3 h5 43. d6 Ra8 44. Qxe5+ Kh7 45. Qe7 Raa2 46. Qxf7+ Kh6 47. Qf8+ Kh7 48. Kh4 Rxg2 1/2-1/2

[Event "Liptovsky Jan Slovak op U2200"]
[Site "Liptovsky Jan"]
[Date "2021.06.18"]
[Round "2"]
[White "Hoferek, Svatopluk"]
[Black "Kostka, Pavol"]
[Result "1-0"]
[WhiteElo "1735"]
[BlackElo "1501"]
[PlyCount "63"]
[EventDate "2021.06.17"]
[EventType "swiss"]
[EventRounds "7"]
[EventCountry "SVK"]
[SourceTitle "CBM 203 Extra"]
[Source "ChessBase"]
[SourceDate "2021.09.30"]
[SourceVersion "1"]
[SourceVersionDate "2021.09.30"]
[SourceQuality "1"]

1. d4 Nf6 2. Nf3 e6 3. e3 d5 4. Bd3 Nbd7 5. Nbd2 c6 6. 0-0 Bd6 7. Re1 c5 8. c3 c4 9. Bb1 0-0 10. e4 dxe4 11. Nxe4 Nxe4 12. Bxe4 Nf6 13. Bg5 Be7 14. Bxf6 Bxf6 15. Qa4 Qc7 16. Nd2 Bd7 17. Qxc4 Qf4 18. Qd3 Bg5 19. Nf3 f5 20. Nxg5 fxe4 21. Nxe4 Bc6 22. f3 Rad8 23. Qe3 Qh4 24. Qg5 Rf4 25. Qxh4 Rxh4 26. b3 Bd5 27. Rad1 Kf7 28. c4 Bxe4 29. Rxe4 Rxe4 30. fxe4 Kf6 31. Rf1+ Kg5 32. d5 1-0

[Event "Jastrzebie Zdroj op"]
[Site "Jastrzebie Zdroj"]
[Date "2019.08.13"]
[Round "2"]
[White "Tymrakiewicz, Rafal"]
[Black "Hoferek, Svatopluk"]
[Result "1-0"]
[WhiteElo "2226"]
[BlackElo "1786"]
[PlyCount "109"]
[EventDate "2019.08.12"]
[EventType "swiss"]
[EventRounds "9"]
[EventCountry "POL"]
[SourceTitle "CBM 191 Extra"]
[Source "ChessBase"]
[SourceDate "2019.09.30"]
[SourceVersion "1"]
[SourceVersionDate "2019.09.30"]
[SourceQuality "1"]

1. d4 Nf6 2. Bf4 d6 3. e3 g6 4. Nd2 Bg7 5. Ngf3 0-0 6. Bc4 a6 7. a4 b6 8. 0-0 Bb7 9. Qe2 Nh5 10. Bg5 c5 11. c3 a5 12. Rfd1 Ba6 13. e4 Qc7 14. Bxa6 Nxa6 15. d5 Nb8 16. Nc4 h6 17. Be3 Nd7 18. Nfd2 Kh7 19. g4 Nhf6 20. Bf4 Ng8 21. Nf3 f6 22. Nfd2 Ne5 23. Ne3 Qc8 24. h3 Rb8 25. Bg3 Qd7 26. f4 Nf7 27. Ndc4 Rb7 28. Qc2 Qc8 29. Kg2 Qd7 30. Rd2 Qc8 31. Na3 Re8 32. f5 g5 33. Nec4 Ne5 34. Rb1 Qd7 35. b3 Reb8 36. Qd1 Qe8 37. Rdb2 Qd7 38. Qe2 Qe8 39. Nb5 Bf8 40. Rc2 Qd7 41. Rh1 Nf7 42. Bf2 Qe8 43. Be3 Rd8 44. Rb2 Rdb8 45. Kg3 Ra8 46. Nd2 Ne5 47. Nf3 h5 48. h4 Nxg4 49. hxg5 Nxe3 50. Qxe3 fxg5 51. Nxg5+ Kh8 52. Rbh2 Nf6 53. Ne6 Qf7 54. Kf3 Qg8 55. Rxh5+ 1-0

[Event "Oravska Priehrada op"]
[Site "Namestovo"]
[Date "2017.08.26"]
[Round "3"]
[White "Hudakova, Nina"]
[Black "Hoferek, Svatopluk"]
[Result "0-1"]
[WhiteElo "1000"]
[BlackElo "1822"]
[PlyCount "42"]
[EventDate "2017.08.25"]
[EventType "swiss"]
[EventRounds "7"]
[EventCountry "SVK"]
[SourceTitle "CBM 180 Extra"]
[Source "ChessBase"]
[SourceDate "2017.10.06"]
[SourceVersion "1"]
[SourceVersionDate "2017.10.06"]
[SourceQuality "1"]

1. e4 e5 2. Nf3 Nc6 3. Bc4 Bc5 4. 0-0 Nf6 5. d3 h6 6. Nbd2 0-0 7. h3 d6 8. Re1 a6 9. Bb3 Na5 10. Ba4 b5 11. Bb3 Nxb3 12. Nxb3 Bb6 13. Nbd2 Nh7 14. Nf1 f5 15. exf5 Rxf5 16. Ne3 Rf7 17. Bd2 Bb7 18. Bc3 Bxf3 19. gxf3 Qh4 20. Ng2 Bxf2+ 21. Kh1 Qxh3# 0-1